| 000 | 00586nam a2200145Ia 4500 | ||
|---|---|---|---|
| 008 | 170221s9999 xx 000 0 und d | ||
| 100 | _aLarisa Viktorovna Prokhorova | ||
| 245 | _aRights of Minors in the Sphere of Culture, Recreation and Leisure Activities | ||
| 245 | _cLarisa Viktorovna Prokhorova, Anna Maximovna Rabets, Elena Olegovna Tchinaryan, Anait Vyacheslavovna Markosyan | ||
| 260 | _bInternational Review of Management and Marketing | ||
| 260 | _c2016 | ||
| 300 | _a15 : 16 | ||
| 650 | _xMarketing. | ||
| 856 | _uhttp://www.econjournals.com/index.php/irmm/issue/view/75 | ||
| 999 |
_c312247 _d312247 |
||